01071nam a2200265 a 450000100100000000500170001000800410002702000150006804000250008304100390010808200150014710000370016224000380019924501330023726000440037030000410041449000380045553400540049370000350054770000310058283000470061304900090066095201190066999900170078800002313520200930022018.0101126s1985 sp ab r 000 0 spa d a843458364X aDO-SdBNPbspacBNPHU17aspabeng2Código de idioma MARC. aNNNbF752g1 aFossey, Dian,d1932-1985.94763310aGorillas in the mist.lEspañol.10aGorilas en la niebla :b13 años viviendo entre los gorilas /cDian Fossey ; traducción de Marcela Chichilla y Manuel Crespo. aBarcelona, (España) :bSalvat,c1985. axiii, 264 p. :bil., mapas ;c19 cm.1 aBiblioteca científica salvatv2 aTítulo original inglesa:tGorillas in the mist.1 aChichilla, Marcelavtr.9476341 aCrespo, Manuelvtr.937395 0aBiblioteca científica salvat ;v2947635 aBNGR 001054708MOaGRbGRcCTd2010-11-26iLF1l0oNNN F752gp23135-10r2020-06-25w2020-06-25y4ZPréstamo en sala c22632d22632